000 00593nam a22001937a 4500
003 OSt
005 20260414042446.0
008 260414b |||||||| |||| 00| 0 eng d
020 _a1-56053-518-0.
040 _aDWC-Main lib
_cOC
082 _aCirc. 617.1 C678t 2003
100 _aCohen, Sharon S.
245 _aTrauma nursing secrets
_cSharon S. Cohen
260 _aPa. :
_bHanley & Belfus Inc. Medical Publishers,
_cc2003.
300 _axi, 179 pages :
_billustration ;
_c23 cm.
504 _aIncludes index.
650 _a1. Wounds and injuries-Nursing.
942 _2ddc
_cBK-CIRC
_kCirc.
_n0
999 _c9392
_d9392